|
|
|
|
| LEADER |
00000nam a2200000 a 4500 |
| 001 |
vtls001428752 |
| 003 |
SK-MaSNL |
| 005 |
20260301202646.0 |
| 008 |
240318s1984 xx 0 und |
| 035 |
|
|
|a SNK000383750
|
| 040 |
|
|
|a SNK
|b slo
|c SNK
|e AACR2
|
| 100 |
1 |
|
|a Tolstoj, Lev Nikolajevič,
|d 1828-1910
|4 aut
|9 14566
|
| 245 |
1 |
0 |
|a Pis`ma 1882 - 1910
|
| 260 |
|
|
|a Moskva
|b Chudožestvennaja literatura
|c 1984
|
| 300 |
|
|
|a 878 s.
|
| 958 |
|
|
|a OND
|
| 999 |
|
|
|c 899705
|d 901635
|
| 952 |
|
|
|t P60, <04>, [BOOK], {604}
|a SNK
|b SNK
|y VYP
|7 0
|p 17A0330860
|o snkIC 82338/19-20
|0 0
|1 0
|4 0
|d 2002-02-08
|l 0
|r 2005-01-02 00:00:00
|w 2026-02-24
|